| 000 | 00334 a2200133 4500 | ||
|---|---|---|---|
| 005 | 20250628075620.0 | ||
| 020 | _a0-273-65573-6 | ||
| 082 | _a336.2 NIG | ||
| 100 | _aNIGHTNGALE, K | ||
| 245 | _aTaxation: theory and Practice | ||
| 260 |
_aLondon _bPearson Education Limited _c2002. |
||
| 300 |
_axv.676p. _bIndex _c26cm |
||
| 942 |
_2ddc _cBKS |
||
| 999 |
_c5852 _d5852 |
||